[Event "Sachsen-Anhalt-ch op"]
[Site "Magdeburg"]
[Date "2021.10.29"]
[Round "4"]
[White "Al Halabi, Fayez"]
[Black "Schoenherr, Stijn"]
[Result "1-0"]
[WhiteElo "1576"]
[BlackElo "1181"]
[PlyCount "65"]
[EventDate "2021.10.28"]
[EventType "swiss"]
[EventRounds "7"]
[EventCountry "GER"]
[SourceTitle "CBM 205 Extra"]
[Source "ChessBase"]
[SourceDate "2022.01.31"]
[SourceVersion "1"]
[SourceVersionDate "2022.01.31"]
[SourceQuality "1"]

1. d4 d5 2. c4 Nf6 3. Nc3 e6 4. cxd5 exd5 5. Bg5 Bb4 6. e3 a6 7. Qc2 g6 8. Bd3 Be6 9. Nge2 Nbd7 10. a3 Bd6 11. Nf4 Bxf4 12. Bxf4 c5 13. Bg5 c4 14. Be2 h6 15. Bf4 Qa5 16. 0-0 g5 17. Bd6 Qb6 18. Be5 Nxe5 19. dxe5 Nd7 20. Rad1 Nxe5 21. Nxd5 Bxd5 22. Rxd5 Ng6 23. Bxc4 Nh4 24. Qe4+ Kf8 25. Rd7 Qg6 26. Qxb7 Rh7 27. Qxa8+ Kg7 28. Rxf7+ Qxf7 29. Bxf7 Kxf7 30. Rd1 Kg6 31. Qe4+ Kg7 32. Rd7+ Kf8 33. Qa8# 1-0